000 00629nam a22001937a 4500
999 _c13143
_d13143
003 AR-CdUCM
008 190411b ||||| |||| 00| 0 spa d
040 _aMUNICIPALIDAD PROVINCIAL DEL CUSCO
_cBIBLIOTECA MUNICIPAL DEL CUSCO
082 _a660 /
_bG78
245 _aGran enciclopedia de química industrial :
_bTeoría ,practica y analítica /
260 _aBarcelona :
_bFrancisco Seix,
300 _a6 tomos :
_c28 cm.
500 _aQuímica de Muspratt
505 _aContenido :Diccionario /
650 _aQuímica industrial
_918719
650 _aDiccionario
_95196
942 _2ddc
_cLIBROS
945 _arjall
_d2019-04-11